000 00323 a2200145 4500
001 166868
020 _a
040 _cMagnum
100 _aGourlaouen, Christiane
240 1 0 _aAquagym: a ginastica na agua
_lpor
245 1 0 _aAquagym: a ginastica na agua
362 0 _a1899
697 _aEDUCACAO FISICA
942 _cBK
999 _c166868
_d166868